| 000 | 00357nam a2200157Ia 4500 | ||
|---|---|---|---|
| 005 | 20250428012443.0 | ||
| 008 | 240331s9999 xx 000 0 und d | ||
| 020 | _a9555842000 | ||
| 082 |
_bMAN _a891 |
||
| 100 | _aManike,A.W | ||
| 245 | 0 | _aDada keliya | |
| 260 |
_aKottawa _bSara Publishers _c1996 |
||
| 300 | _a160 p ., | ||
| 650 | _a A Novel | ||
| 942 | _cL | ||
| 999 |
_c4872 _d4872 |
||